000 00982nam a22002657a 4500
999 _c63783
_d63783
005 20240530110658.0
008 171225s2015 ua a g b 000 0dara d
017 _a2015/4189
_bمصر. دار الكتب
020 _a9789779201146
040 _aEG-CaGPL
_cEG-CaGPL
082 0 4 _221
_a408.2\
_bل ع
100 1 _aليبيهالمى ، ريتفا
245 1 0 _aعقبات ثقافية :
_bمدخل تجريبى الى ترجمة الاحالات /
_cتأليف ريتفا ليبيهالمى ؛ ترجمة محمد عنانى .
250 _aط.1
260 _aالقاهرة :
_bالمركز القومى للترجمة ،
_c2015 .
300 _a418 ص. ؛
_c24 سم.
650 0 7 _2qrmak
_aالترجمة
650 0 7 _2qrmak
_aالاحالات
650 0 7 _2qrmak
_aالمترجمات
650 0 7 _2qrmak
_aالمترجمون
651 _2qrmak
700 0 _aمحمد عنانى
_eمترجم .
942 _2ddc
_cBK